|
|
|
|
| LEADER |
01032noc a2200241 i 4500 |
| 001 |
eta1917 |
| 005 |
20260305141453.0 |
| 008 |
190306s2019 hu o 000 hun d |
| 040 |
|
|
|a SZTE Elektronikus Tananyag Archívum
|b hun
|
| 041 |
|
|
|a hun
|
| 100 |
1 |
|
|a Domonkos Norbert
|
| 245 |
1 |
0 |
|a Gyógyszerelés parenterálisan
|h [elektronikus dokumentum] :
|b intramusculáris injekció beadása (deltaizom) /
|c Domonkos Norbert
|
| 260 |
|
|
|c 2019-01-29
|
| 650 |
|
4 |
|a Orvos- és egészségtudomány
|
| 650 |
|
4 |
|a Egészségtudományok
|
| 650 |
|
4 |
|a Gondozás
|
| 695 |
|
|
|a ápolástan
|
| 700 |
0 |
1 |
|a Nagy Erika
|e aut
|
| 700 |
0 |
1 |
|a Oláh Mónika
|e aut
|
| 700 |
0 |
2 |
|a Szabó-Laboda Adrienn
|e aut
|
| 856 |
4 |
0 |
|u https://eta.bibl.u-szeged.hu/1917/1/Gy%C3%B3gyszerel%C3%A9s%20parenter%C3%A1lisan%20intramuscul%C3%A1ris%20injekci%C3%B3%20bead%C3%A1sa%20%28deltaizom%29.mp4
|z Dokumentum-elérés
|
| 856 |
4 |
0 |
|u https://eta.bibl.u-szeged.hu/1917/2/felirat.vtt
|z Dokumentum-elérés
|
| 856 |
4 |
0 |
|u https://eta.bibl.u-szeged.hu/1917/3/felirat.html
|z Dokumentum-elérés
|